Star Wars The Clone Wars Quiz - Statistics

General Stats
  • This quiz has been taken 50 times
  • The average score is 10 of 31
Answer Stats
Question Hint Answer % Correct
Who survives the box? Duro Cad Bane
76%
Human Obi-Wan Kenobi
70%
Which clone do they find on Abafar? Works as a dishwasher Clone Commando Gregor
67%
The Real Leader of D-Squad R2-D2
61%
Which bounty hunters are protecting the farmers on Felucia? Kyuzo Embo
58%
Wookiee Gungi
55%
Trandoshan Bossk
52%
Who is part of the mission on Beluga? Dathomirian Asajj Ventress
48%
Human clone Boba Fett
48%
Kyuzo Embo
45%
On what planet is the box? It's also Dooku's Home Planet Serenno
45%
Who are the younglings that take part of the gathering on Ilum? Ithorian Byph
33%
Human Petro
30%
Who does Obi-Wan Kenobi transform into? Human Rako Hardeen
30%
Only the Pilot WAC-47
30%
Human Dengar
27%
Rodian Ganodi
27%
Tholothian Katooni
27%
Nautolan Zatt
27%
Zabrak Sugi
24%
The little Guys Vehicle M5-BZ
21%
The pink Droid QT-KT
21%
Who is part of D-Squad? The little Guy Coronel Meebur Gascon
18%
Droid C-21 Highsinger
12%
Parwan Derrown
12%
Theelin Latts Razzi
12%
Phindan Moralo Eval
12%
Frenk Twazzi
12%
The Droid with the Laser U9-C4
12%
Frenk Rumi Paramita
9%
Ssori Seripas
9%
No matching quizzes found
Score Distribution
Percent of People with Each Score
Percentile by Number Answered
Your Score History
You have not taken this quiz